[Event "Trebic Highlands op 11th"]
[Site "Trebic"]
[Date "2017.09.28"]
[Round "7"]
[White "Svizensky, Lubos"]
[Black "Zeleny, Tomas"]
[Result "1-0"]
[WhiteElo "1976"]
[BlackElo "1688"]
[PlyCount "119"]
[EventDate "2017.09.23"]
[EventType "swiss"]
[EventRounds "9"]
[EventCountry "CZE"]
[SourceTitle "EXT 2018"]
[Source "ChessBase"]
[SourceDate "2017.10.13"]
[SourceVersion "1"]
[SourceVersionDate "2017.10.13"]
[SourceQuality "1"]

1. d4 d5 2. Nf3 e6 3. c4 c6 4. Nc3 f5 5. Bf4 Nf6 6. c5 Be7 7. e3 0-0 8. h3 Ne4 9. Qc1 Nd7 10. Bd3 Qe8 11. b4 Qg6 12. g3 Qf7 13. h4 b6 14. Ne5 Nxe5 15. Bxe5 a5 16. a3 b5 17. 0-0 a4 18. Kg2 Bd7 19. f3 Nxc3 20. Qxc3 Bf6 21. Bd6 Be7 22. Be5 Bf6 23. Bf4 Qg6 24. Rh1 h5 25. Rag1 Kf7 26. Kf2 Ke8 27. Ke1 Kd8 28. g4 Qe8 29. gxf5 exf5 30. Kd2 Kc8 31. Bg5 Qf7 32. f4 Kb7 33. Rg3 Rg8 34. Qc1 g6 35. Rhg1 Bxg5 36. Rxg5 Rg7 37. R1g3 Rag8 38. Qg1 Ka6 39. Be2 Qe7 40. Qg2 Re8 41. Qg1 Reg8 42. Rxg6 Rxg6 43. Rxg6 Re8 44. Rg5 Rh8 45. Bf3 Rh7 46. Qg3 Be8 47. Rg8 Qe6 48. Rg7 Rh8 49. Qg5 Bf7 50. Qg1 Re8 51. Rg5 Rh8 52. Be2 Qf6 53. Bd3 Be6 54. Qg3 Rh6 55. Qh3 Qe7 56. Qg3 Qf6 57. Rg7 Bf7 58. Qg5 Qe6 59. Bxf5 Qf6 60. Bc8+ 1-0

[Event "Trebic Highlands op 11th"]
[Site "Trebic"]
[Date "2017.09.28"]
[Round "6"]
[White "Zeleny, Tomas"]
[Black "Norlander, Svante"]
[Result "1-0"]
[WhiteElo "1688"]
[BlackElo "1583"]
[PlyCount "61"]
[EventDate "2017.09.23"]
[EventType "swiss"]
[EventRounds "9"]
[EventCountry "CZE"]
[SourceTitle "EXT 2018"]
[Source "ChessBase"]
[SourceDate "2017.10.13"]
[SourceVersion "1"]
[SourceVersionDate "2017.10.13"]
[SourceQuality "1"]

1. d4 d5 2. Bf4 Nf6 3. e3 Bf5 4. c4 c6 5. Qb3 Qd7 6. Nf3 b6 7. cxd5 Nxd5 8. Ne5 Qb7 9. Nd2 Be6 10. Bg3 a5 11. a3 g6 12. Qc2 Bg7 13. Rc1 0-0 14. Nxc6 f5 15. Bxb8 Raxb8 16. Nxb8 f4 17. e4 Nf6 18. Qc6 Qxb8 19. Qxe6+ Kh8 20. Bc4 f3 21. Nxf3 Qf4 22. 0-0 Nxe4 23. Rce1 Nd6 24. Ba2 Nf5 25. Re4 Qc7 26. Ne5 Nh6 27. Qc6 Bxe5 28. Qxc7 Bxc7 29. Rxe7 Bb8 30. h3 Rc8 31. Rfe1 1-0

[Event "Trebic Highlands op 11th"]
[Site "Trebic"]
[Date "2017.09.26"]
[Round "4"]
[White "Zeleny, Tomas"]
[Black "Svoboda, Ivo"]
[Result "1/2-1/2"]
[WhiteElo "1688"]
[BlackElo "1949"]
[PlyCount "84"]
[EventDate "2017.09.23"]
[EventType "swiss"]
[EventRounds "9"]
[EventCountry "CZE"]
[SourceTitle "EXT 2018"]
[Source "ChessBase"]
[SourceDate "2017.10.13"]
[SourceVersion "1"]
[SourceVersionDate "2017.10.13"]
[SourceQuality "1"]

1. d4 Nf6 2. Bf4 g6 3. e3 Bg7 4. h3 d6 5. Nf3 0-0 6. c4 Nbd7 7. Nc3 c6 8. Be2 Re8 9. 0-0 a6 10. a4 b6 11. Qd2 Bb7 12. Rfd1 Qc8 13. Bh2 h5 14. e4 e5 15. dxe5 dxe5 16. Qc2 a5 17. c5 Nxc5 18. Nxe5 Ba6 19. Rd6 Rxe5 20. Bxe5 Nfxe4 21. Nxe4 Bxe5 22. Nxc5 Bxe2 23. Rxg6+ fxg6 24. Qxe2 Qf5 25. Qc4+ Kh7 26. Nd3 Rf8 27. Re1 Bxb2 28. Re7+ Bg7 29. Qc3 Qf6 30. Qe1 Rf7 31. Re6 Qa1 32. Qxa1 Bxa1 33. Rxc6 Rd7 34. Ne1 Rd4 35. Rxb6 Rxa4 36. Nf3 Bc3 37. Ra6 Ra1+ 38. Kh2 a4 39. Ng5+ Kg7 40. f4 a3 41. Ra7+ Kf8 42. Ne6+ Ke8 1/2-1/2

[Event "CZE-chT2B 1415"]
[Site "Czech Republic"]
[Date "2014.12.14"]
[Round "4.3"]
[White "Zeleny, Tomas"]
[Black "Skuthan, Jiri"]
[Result "1/2-1/2"]
[WhiteElo "2154"]
[BlackElo "1940"]
[PlyCount "49"]
[EventDate "2014.11.02"]
[EventType "team-tourn"]
[EventRounds "11"]
[EventCountry "CZE"]
[SourceTitle "EXT 2022"]
[Source "ChessBase"]
[SourceDate "2021.10.06"]
[SourceVersion "1"]
[SourceVersionDate "2021.10.06"]
[SourceQuality "1"]
[WhiteTeam "Turnov Zikuda II"]
[BlackTeam "Most Chess II"]
[WhiteTeamCountry "CZE"]
[BlackTeamCountry "CZE"]

1. e4 c5 2. d4 cxd4 3. c3 d5 4. Qxd4 dxe4 5. Qxe4 Nf6 6. Bb5+ Nbd7 7. Qe2 e6 8. Bf4 Be7 9. Nf3 0-0 10. 0-0 a6 11. Bd3 Nc5 12. Bc2 b5 13. Nbd2 Bb7 14. Rad1 Nd5 15. Bg3 Rc8 16. Ne4 Nxe4 17. Qxe4 g6 18. Bb3 Bf6 19. Nd4 Nxc3 20. Qxb7 Nxd1 21. Nxe6 fxe6 22. Bxe6+ Kh8 23. Bxc8 Qxc8 24. Qxc8 Rxc8 25. Rxd1 1/2-1/2

[Event "CZE-chT2C 1112"]
[Site "Czech Republic"]
[Date "2012.03.04"]
[Round "9.6"]
[White "Melich, Jindrich"]
[Black "Zeleny, Tomas"]
[Result "0-1"]
[WhiteElo "2149"]
[BlackElo "2146"]
[PlyCount "84"]
[EventDate "2011.10.09"]
[EventType "team-tourn"]
[EventRounds "11"]
[EventCountry "CZE"]
[SourceTitle "EXT 2013"]
[Source "ChessBase"]
[SourceDate "2012.11.22"]
[SourceVersion "1"]
[SourceVersionDate "2012.11.22"]
[SourceQuality "1"]
[WhiteTeam "Pankrac II"]
[BlackTeam "Turnov Zikuda II"]
[WhiteTeamCountry "CZE"]
[BlackTeamCountry "CZE"]

1. b4 e5 2. Bb2 d6 3. c4 g6 4. Nc3 Bg7 5. g3 Be6 6. Bg2 c6 7. d3 Ne7 8. Nf3 h6 9. 0-0 0-0 10. b5 d5 11. cxd5 cxd5 12. a4 Nd7 13. Qb1 Rc8 14. Rc1 Nc5 15. Nd2 f5 16. Nd1 d4 17. Ba3 b6 18. a5 Nd5 19. Bxc5 bxc5 20. Nc4 Rb8 21. Qb3 Nb4 22. Qa4 Qe7 23. a6 Bd7 24. Bb7 Kh7 25. Qa5 Bc8 26. Bxc8 Rfxc8 27. b6 Rc6 28. Qb5 axb6 29. Rcb1 Qc7 30. Ra4 Nd5 31. a7 Ra8 32. Ra6 Re6 33. Nxb6 Nxb6 34. Rxb6 Rxb6 35. Qxb6 Qxb6 36. Rxb6 Rxa7 37. Nb2 e4 38. Kg2 Ra2 39. h3 c4 40. Nxc4 Rxe2 41. Rb2 exd3 42. Kf1 Rc2 0-1

[Event "CZE-chT2C 1112"]
[Site "Czech Republic"]
[Date "2012.02.19"]
[Round "8.8"]
[White "Zeleny, Tomas"]
[Black "Skala, Jaromir"]
[Result "1-0"]
[WhiteElo "2146"]
[BlackElo "2016"]
[PlyCount "41"]
[EventDate "2011.10.09"]
[EventType "team-tourn"]
[EventRounds "11"]
[EventCountry "CZE"]
[SourceTitle "EXT 2013"]
[Source "ChessBase"]
[SourceDate "2012.11.22"]
[SourceVersion "1"]
[SourceVersionDate "2012.11.22"]
[SourceQuality "1"]
[WhiteTeam "Turnov Zikuda II"]
[BlackTeam "Kutna Hora"]
[WhiteTeamCountry "CZE"]
[BlackTeamCountry "CZE"]

1. b3 e5 2. Bb2 d6 3. g3 Nf6 4. Bg2 Be7 5. d4 exd4 6. Qxd4 Nc6 7. Qd2 0-0 8. c4 Re8 9. Nc3 Bf8 10. Nf3 Bf5 11. 0-0 Ne4 12. Qf4 Qc8 13. Nd5 Bg6 14. Nh4 f5 15. g4 Nc5 16. gxf5 Bf7 17. Nf6+ gxf6 18. Qg3+ Bg6 19. Bd5+ Kg7 20. Nxg6 Qxf5 21. Ne7+ 1-0

[Event "CZE-chT2C 1011"]
[Site "Czech Republic"]
[Date "2011.04.10"]
[Round "11.5"]
[White "Zeleny, Tomas"]
[Black "Jirk, Ales"]
[Result "1/2-1/2"]
[WhiteElo "2150"]
[BlackElo "2177"]
[PlyCount "26"]
[EventDate "2010.10.17"]
[EventType "team-tourn"]
[EventRounds "11"]
[EventCountry "CZE"]
[SourceTitle "EXT 2012"]
[Source "ChessBase"]
[SourceDate "2011.11.24"]
[SourceVersion "1"]
[SourceVersionDate "2011.11.24"]
[SourceQuality "1"]
[WhiteTeam "Turnov Zikuda II"]
[BlackTeam "Lysa nad Labem II"]
[WhiteTeamCountry "CZE"]
[BlackTeamCountry "CZE"]

1. e4 e6 2. d4 d5 3. Nd2 Nf6 4. e5 Nfd7 5. Bd3 c5 6. c3 Nc6 7. Ne2 Qb6 8. Nf3 cxd4 9. cxd4 f6 10. exf6 Nxf6 11. 0-0 Bd6 12. Re1 0-0 13. Nc3 Bd7 1/2-1/2

[Event "CZE-chT 0809"]
[Site "Czech Republic"]
[Date "2009.02.08"]
[Round "7.7"]
[White "Zeleny, Tomas"]
[Black "Malinovsky, Karel"]
[Result "1/2-1/2"]
[WhiteElo "2251"]
[BlackElo "2353"]
[PlyCount "68"]
[EventDate "2008.11.08"]
[EventType "tourn"]
[EventRounds "11"]
[EventCountry "CZE"]
[SourceTitle "EXT 2010"]
[Source "ChessBase"]
[SourceDate "2010.11.25"]
[SourceVersion "1"]
[SourceVersionDate "2010.11.25"]
[SourceQuality "1"]
[WhiteTeam "Turnov Zikuda"]
[BlackTeam "Grygov"]
[WhiteTeamCountry "CZE"]
[BlackTeamCountry "CZE"]

1. e4 e5 2. Nf3 Nc6 3. Bb5 a6 4. Ba4 Nf6 5. 0-0 Be7 6. Bxc6 dxc6 7. Qe1 Nd7 8. b3 c5 9. Bb2 f6 10. a4 a5 11. d3 Nf8 12. Nbd2 Ne6 13. Nc4 b6 14. Ne3 0-0 15. Nf5 Re8 16. Nxe7+ Qxe7 17. Bc1 Qf7 18. Be3 Qh5 19. Nd2 Bb7 20. f3 Rad8 21. Qg3 Qg6 22. Rae1 Qxg3 23. hxg3 g6 24. g4 Kg7 25. Kf2 Rh8 26. Rh1 h5 27. gxh5 Rxh5 28. Rxh5 gxh5 29. Rh1 Kg6 30. Nf1 Bc8 31. Ng3 Ng7 32. Rh4 Rh8 33. Kf1 Rh7 34. Kf2 Rh8 1/2-1/2

[Event "BL2-Ost 0708"]
[Site "Germany"]
[Date "2008.04.20"]
[Round "9.7"]
[White "Loew, Gerald"]
[Black "Zeleny, Tomas"]
[Result "1/2-1/2"]
[WhiteElo "2251"]
[BlackElo "2231"]
[PlyCount "67"]
[EventDate "2007.10.21"]
[EventType "team-tourn"]
[EventRounds "9"]
[EventCountry "GER"]
[SourceTitle "EXT 2009"]
[Source "ChessBase"]
[SourceDate "2008.11.26"]
[SourceVersion "1"]
[SourceVersionDate "2008.11.26"]
[SourceQuality "1"]
[WhiteTeam "Bindlach II"]
[BlackTeam "Koenig Plauen"]
[WhiteTeamCountry "GER"]
[BlackTeamCountry "GER"]

1. c4 Nf6 2. g3 g6 3. Bg2 Bg7 4. Nc3 0-0 5. d3 e5 6. e4 d6 7. Nge2 Nfd7 8. 0-0 f5 9. f4 c6 10. Be3 Nf6 11. Kh1 Be6 12. Rc1 Nbd7 13. b3 Qa5 14. exf5 gxf5 15. fxe5 dxe5 16. d4 Ng4 17. Bg1 Rad8 18. h3 Ngf6 19. dxe5 Nxe5 20. Qc2 Bc8 21. Rcd1 a6 22. Ne4 Rxd1 23. Rxd1 Nfd7 24. Nf4 b5 25. Nc5 Nxc5 26. Bxc5 Re8 27. Nh5 Bh8 28. cxb5 axb5 29. b4 Qa3 30. Qd2 Be6 31. Qg5+ Ng6 32. Bxc6 Qxa2 33. Bxe8 Be5 34. Qd8 1/2-1/2

[Event "BL2-Ost 0708"]
[Site "Germany"]
[Date "2008.04.06"]
[Round "8.7"]
[White "Zeleny, Tomas"]
[Black "Jauernig, Udo"]
[Result "1-0"]
[WhiteElo "2231"]
[BlackElo "2236"]
[PlyCount "77"]
[EventDate "2007.10.21"]
[EventType "team-tourn"]
[EventRounds "9"]
[EventCountry "GER"]
[SourceTitle "EXT 2009"]
[Source "ChessBase"]
[SourceDate "2008.11.26"]
[SourceVersion "1"]
[SourceVersionDate "2008.11.26"]
[SourceQuality "1"]
[WhiteTeam "Koenig Plauen"]
[BlackTeam "Regensburg Fortuna"]
[WhiteTeamCountry "GER"]
[BlackTeamCountry "GER"]

1. e4 e6 2. d4 d5 3. Nd2 c5 4. exd5 Qxd5 5. Ngf3 cxd4 6. Bc4 Qd6 7. 0-0 Nf6 8. Nb3 Nc6 9. Nbxd4 Nxd4 10. Nxd4 Bd7 11. c3 Qc7 12. Bd3 Bd6 13. h3 Bh2+ 14. Kh1 Bf4 15. Qf3 Bxc1 16. Raxc1 0-0 17. Rfd1 Rfe8 18. Bb1 Rac8 19. Re1 b5 20. Qd3 Qc5 21. Re3 e5 22. Nb3 Qd5 23. Rce1 Bc6 24. Qxd5 Nxd5 25. Rxe5 Rxe5 26. Rxe5 f6 27. Re1 Nf4 28. f3 Rd8 29. Nd4 Ba8 30. Nxb5 Rd2 31. Re8+ Kf7 32. Rxa8 Rxb2 33. Na3 Nxg2 34. Rxa7+ Kg8 35. Ra4 g5 36. Rb4 Rd2 37. Nc4 Re2 38. Bd3 Rxa2 39. Rb2 1-0

[Event "CZE-chT 0506"]
[Site "Czech Republic"]
[Date "2006.03.26"]
[Round "11"]
[White "Cifka, Stanislav"]
[Black "Zeleny, Tomas"]
[Result "1/2-1/2"]
[WhiteElo "2310"]
[BlackElo "2244"]
[PlyCount "73"]
[EventDate "2005.10.15"]
[EventType "team-tourn"]
[EventRounds "11"]
[EventCountry "CZE"]
[SourceTitle "EXT 2019"]
[Source "ChessBase"]
[SourceDate "2018.10.10"]
[SourceVersion "1"]
[SourceVersionDate "2018.10.10"]
[SourceQuality "1"]
[WhiteTeam "Praha Mahrla"]
[BlackTeam "Turnov Zikuda"]
[WhiteTeamCountry "CZE"]
[BlackTeamCountry "CZE"]

1. d4 Nf6 2. c4 g6 3. Nc3 Bg7 4. e4 d6 5. Be2 0-0 6. Nf3 e5 7. 0-0 Nc6 8. d5 Ne7 9. b4 Nh5 10. Re1 f5 11. Ng5 Nf4 12. Bxf4 exf4 13. Rc1 h6 14. Ne6 Bxe6 15. dxe6 Be5 16. c5 Bxc3 17. Rxc3 fxe4 18. cxd6 cxd6 19. Bb5 d5 20. Bd7 Qb6 21. Rc5 Qxb4 22. Rb5 Qc3 23. Rb3 Qf6 24. Rxb7 f3 25. gxf3 Qh4 26. Qd4 Rxf3 27. Rb3 Raf8 28. Rxf3 Rxf3 29. Rb1 Rf8 30. Rb3 Qg5+ 31. Rg3 Qc1+ 32. Kg2 Qc7 33. Qb4 Qc2 34. Qxe7 Qxf2+ 35. Kh1 Qf1+ 36. Rg1 Qf3+ 37. Rg2 1/2-1/2

[Event "CZE-chT 0506"]
[Site "Czech Republic"]
[Date "2006.02.26"]
[Round "9"]
[White "Sosna, Jan"]
[Black "Zeleny, Tomas"]
[Result "1-0"]
[WhiteElo "2414"]
[BlackElo "2244"]
[PlyCount "39"]
[EventDate "2005.10.15"]
[EventType "team-tourn"]
[EventRounds "11"]
[EventCountry "CZE"]
[SourceTitle "EXT 2019"]
[Source "ChessBase"]
[SourceDate "2018.10.10"]
[SourceVersion "1"]
[SourceVersionDate "2018.10.10"]
[SourceQuality "1"]
[WhiteTeam "Zlin"]
[BlackTeam "Turnov Zikuda"]
[WhiteTeamCountry "CZE"]
[BlackTeamCountry "CZE"]

1. e4 c5 2. Nf3 d6 3. Bb5+ Nd7 4. d4 cxd4 5. Qxd4 a6 6. Bxd7+ Bxd7 7. Nc3 e5 8. Qd3 h6 9. Nd2 Nf6 10. Nc4 Be6 11. Be3 Qc7 12. Nb6 Rd8 13. 0-0-0 Be7 14. f3 0-0 15. g4 Rfe8 16. Kb1 Bf8 17. h4 Nd7 18. Nbd5 Qa5 19. b4 Qa3 20. Bc1 1-0

[Event "Oberliga Ost-A 0506"]
[Site "Germany"]
[Date "2006.01.15"]
[Round "5.8"]
[White "Loxine, Jakov"]
[Black "Zeleny, Tomas"]
[Result "1-0"]
[WhiteElo "2275"]
[BlackElo "2286"]
[PlyCount "93"]
[EventDate "2005.11.13"]
[EventType "team-tourn"]
[EventRounds "11"]
[EventCountry "GER"]
[SourceTitle "EXT 2007"]
[Source "ChessBase"]
[SourceDate "2006.11.23"]
[SourceVersion "1"]
[SourceVersionDate "2006.11.23"]
[SourceQuality "1"]
[WhiteTeam "Dresden"]
[BlackTeam "Koenig Plauen"]
[WhiteTeamCountry "GER"]
[BlackTeamCountry "GER"]

1. d4 Nf6 2. c4 g6 3. Nc3 Bg7 4. e4 d6 5. Nf3 0-0 6. h3 e5 7. d5 Na6 8. Bg5 Qe8 9. g4 Nc5 10. Nd2 a5 11. Be2 c6 12. Be3 Rb8 13. g5 Nfd7 14. h4 f5 15. f3 f4 16. Bf2 Na6 17. a3 Qd8 18. Rb1 Rf7 19. b4 axb4 20. axb4 c5 21. bxc5 Ndxc5 22. Nb3 Bf8 23. Nxc5 Nxc5 24. Bxc5 dxc5 25. Bf1 h6 26. Bh3 hxg5 27. Bxc8 Rxc8 28. hxg5 Qxg5 29. Qe2 Rcc7 30. Kd2 Rh7 31. Rbg1 Qf6 32. Qg2 Rxh1 33. Rxh1 b6 34. Qh3 g5 35. Nb5 Rg7 36. Qh8+ Kf7 37. Nc7 Rg8 38. Qh7+ Bg7 39. Qh5+ Ke7 40. Qg4 Rh8 41. Rxh8 Bxh8 42. Qc8 Qh6 43. Qe8+ Kf6 44. Qe6+ Kg7 45. Ne8+ Kh7 46. Qxh6+ Kxh6 47. d6 1-0

[Event "CZE-chT 0506"]
[Site "Czech Republic"]
[Date "2005.12.04"]
[Round "6"]
[White "Zeleny, Tomas"]
[Black "Pridal, Ondrej"]
[Result "1/2-1/2"]
[WhiteElo "2276"]
[BlackElo "2179"]
[PlyCount "73"]
[EventDate "2005.10.15"]
[EventType "team-tourn"]
[EventRounds "11"]
[EventCountry "CZE"]
[SourceTitle "EXT 2019"]
[Source "ChessBase"]
[SourceDate "2018.10.10"]
[SourceVersion "1"]
[SourceVersionDate "2018.10.10"]
[SourceQuality "1"]
[WhiteTeam "Turnov Zikuda"]
[BlackTeam "Brno Lokomotiva II"]
[WhiteTeamCountry "CZE"]
[BlackTeamCountry "CZE"]

1. e4 d5 2. exd5 Nf6 3. d4 Nxd5 4. Be2 g6 5. Nf3 Bg7 6. 0-0 0-0 7. c4 Nb6 8. Nc3 Nc6 9. d5 Ne5 10. c5 Nbd7 11. Be3 Nxf3+ 12. Bxf3 Ne5 13. Be2 c6 14. f4 Nd7 15. Bf3 cxd5 16. Qxd5 Qc7 17. Rab1 Nf6 18. Qb3 Rb8 19. Nd5 Nxd5 20. Bxd5 Bf5 21. Rbc1 e6 22. Bf3 Rfd8 23. Rfd1 e5 24. Rxd8+ Qxd8 25. Bxb7 Be6 26. Qb5 exf4 27. c6 fxe3 28. c7 Qf8 29. cxb8Q Qxb8 30. b3 Be5 31. g3 Bxg3 32. hxg3 Qxg3+ 33. Bg2 Qf2+ 34. Kh1 Qh4+ 35. Kg1 Qf2+ 36. Kh1 Qh4+ 37. Kg1 1/2-1/2

[Event "Oberliga Ost-A 0506"]
[Site "Germany"]
[Date "2005.11.27"]
[Round "3.8"]
[White "Zeleny, Tomas"]
[Black "Pommrich, Rainer"]
[Result "1/2-1/2"]
[WhiteElo "2286"]
[BlackElo "2031"]
[PlyCount "58"]
[EventDate "2005.11.13"]
[EventType "team-tourn"]
[EventRounds "11"]
[EventCountry "GER"]
[SourceTitle "EXT 2007"]
[Source "ChessBase"]
[SourceDate "2006.11.23"]
[SourceVersion "1"]
[SourceVersionDate "2006.11.23"]
[SourceQuality "1"]
[WhiteTeam "Koenig Plauen"]
[BlackTeam "Halle USV II"]
[WhiteTeamCountry "GER"]
[BlackTeamCountry "GER"]

1. e4 c5 2. Nf3 Nc6 3. Nc3 e6 4. d4 cxd4 5. Nxd4 Nf6 6. Nxc6 bxc6 7. Bd3 Be7 8. 0-0 0-0 9. f4 Ba6 10. Kh1 Bxd3 11. cxd3 Qb6 12. g4 g6 13. f5 exf5 14. exf5 Qd4 15. Rf4 Qd6 16. g5 Nd5 17. Ne4 Qe5 18. d4 Qc7 19. f6 Nxf4 20. fxe7 Rfe8 21. Nf6+ Kg7 22. Qf3 Nd5 23. Qh3 h5 24. gxh6+ Kxf6 25. Bg5+ Kxg5 26. Rg1+ Kf6 27. Qh4+ Ke6 28. Qe4+ Kf6 29. Qh4+ Ke6 1/2-1/2

[Event "Oberliga Ost-A 0506"]
[Site "Germany"]
[Date "2005.11.26"]
[Round "2.8"]
[White "Schaefer, Reyk"]
[Black "Zeleny, Tomas"]
[Result "0-1"]
[WhiteElo "2151"]
[BlackElo "2286"]
[PlyCount "60"]
[EventDate "2005.11.13"]
[EventType "team-tourn"]
[EventRounds "11"]
[EventCountry "GER"]
[SourceTitle "EXT 2007"]
[Source "ChessBase"]
[SourceDate "2006.11.23"]
[SourceVersion "1"]
[SourceVersionDate "2006.11.23"]
[SourceQuality "1"]
[WhiteTeam "Loeberitz"]
[BlackTeam "Koenig Plauen"]
[WhiteTeamCountry "GER"]
[BlackTeamCountry "GER"]

1. d4 Nf6 2. Nf3 g6 3. g3 Bg7 4. Bg2 0-0 5. 0-0 d5 6. c4 c6 7. cxd5 cxd5 8. Ne5 Nc6 9. Nxc6 bxc6 10. Nc3 Nd7 11. Na4 Ba6 12. Bf4 Qa5 13. Rc1 Qb4 14. b3 Rfc8 15. Be3 e6 16. Nc5 Nxc5 17. Rxc5 Bf8 18. Rc2 c5 19. dxc5 Bxc5 20. Qc1 Bxe3 21. Rxc8+ Rxc8 22. Qxe3 Qc5 23. Qxc5 Rxc5 24. Bf3 Rc2 25. a4 Kg7 26. Rb1 Kf6 27. e3 Bd3 28. Rd1 Rc3 29. b4 Bc4 30. Rb1 d4 0-1

[Event "EU-ch U18"]
[Site "Herceg Novi"]
[Date "2005.09.23"]
[Round "9"]
[White "Zeleny, Tomas"]
[Black "Velchev, Hristo"]
[Result "1/2-1/2"]
[WhiteElo "2286"]
[BlackElo "2212"]
[PlyCount "28"]
[EventDate "2005.09.14"]
[EventType "swiss"]
[EventRounds "9"]
[EventCountry "YUG"]
[SourceTitle "CBM 108 Extra"]
[Source "ChessBase"]
[SourceDate "2005.11.04"]
[SourceVersion "1"]
[SourceVersionDate "2005.11.04"]
[SourceQuality "1"]

1. e4 c5 2. Nf3 d6 3. Bb5+ Bd7 4. Bxd7+ Qxd7 5. c4 Nc6 6. Nc3 g6 7. d4 cxd4 8. Nxd4 Bg7 9. Be3 Nf6 10. f3 0-0 11. 0-0 Rfc8 12. b3 Nxd4 13. Bxd4 Ne8 14. Rc1 Nc7 1/2-1/2

[Event "EU-ch U18"]
[Site "Herceg Novi"]
[Date "2005.09.21"]
[Round "7"]
[White "Zeleny, Tomas"]
[Black "Stubberud, Ornulf A"]
[Result "1-0"]
[WhiteElo "2286"]
[BlackElo "2095"]
[PlyCount "65"]
[EventDate "2005.09.14"]
[EventType "swiss"]
[EventRounds "9"]
[EventCountry "YUG"]
[SourceTitle "CBM 108 Extra"]
[Source "ChessBase"]
[SourceDate "2005.11.04"]
[SourceVersion "1"]
[SourceVersionDate "2005.11.04"]
[SourceQuality "1"]

1. e4 c5 2. Nf3 e6 3. d4 cxd4 4. Nxd4 a6 5. Nc3 Qc7 6. Bd3 Nf6 7. 0-0 Nc6 8. Nxc6 dxc6 9. f4 e5 10. f5 Bc5+ 11. Kh1 h5 12. Bg5 Ng4 13. Qf3 b5 14. a4 Bb7 15. axb5 axb5 16. Rxa8+ Bxa8 17. Bh4 Bb7 18. Rd1 Be7 19. Bg3 Qb6 20. h3 Bc5 21. Be2 Bd4 22. Bh4 Nf2+ 23. Bxf2 Bxf2 24. Qd3 Bd4 25. Nb1 Bc8 26. c3 Bf2 27. Qd6 f6 28. b4 Rh6 29. c4 bxc4 30. Bxc4 Bd4 31. Nd2 Qb7 32. Be6 g6 33. Bxc8 1-0

[Event "Brno Trade op-A"]
[Site "Brno"]
[Date "2005.09.03"]
[Round "7"]
[White "Zeleny, Tomas"]
[Black "Sedlacek, Jiri"]
[Result "0-1"]
[WhiteElo "2267"]
[BlackElo "2062"]
[PlyCount "60"]
[EventDate "2005.08.28"]
[EventType "swiss"]
[EventRounds "9"]
[EventCountry "CZE"]
[SourceTitle "CBM 108 Extra"]
[Source "ChessBase"]
[SourceDate "2005.11.04"]
[SourceVersion "1"]
[SourceVersionDate "2005.11.04"]
[SourceQuality "1"]

1. e4 c5 2. Nf3 e6 3. d4 cxd4 4. Nxd4 a6 5. Nc3 Qc7 6. Bd3 Bc5 7. Nb3 Be7 8. Qg4 Bf6 9. 0-0 Ne7 10. f4 d6 11. Be3 Nbc6 12. Rad1 0-0 13. Rf3 g6 14. Rh3 Rb8 15. Nd2 Nb4 16. Nf3 Nxd3 17. Rxd3 b5 18. e5 dxe5 19. fxe5 Bg7 20. Ne4 Nd5 21. Qh4 h5 22. Nf6+ Bxf6 23. exf6 Nxe3 24. Qg5 Qxc2 25. Rd2 Qc1+ 26. Kf2 Ng4+ 27. Ke2 b4 28. Ne5 Rb5 29. a4 Qc4+ 30. Rhd3 Qd5 0-1

[Event "Brno Trade op-A"]
[Site "Brno"]
[Date "2005.09.01"]
[Round "5"]
[White "Zeleny, Tomas"]
[Black "Valickova, Martina"]
[Result "1-0"]
[WhiteElo "2267"]
[BlackElo "2057"]
[PlyCount "91"]
[EventDate "2005.08.28"]
[EventType "swiss"]
[EventRounds "9"]
[EventCountry "CZE"]
[SourceTitle "CBM 108 Extra"]
[Source "ChessBase"]
[SourceDate "2005.11.04"]
[SourceVersion "1"]
[SourceVersionDate "2005.11.04"]
[SourceQuality "1"]

1. e4 c5 2. Nf3 e6 3. d4 cxd4 4. Nxd4 Nc6 5. Nc3 a6 6. Be3 Nf6 7. Bd3 d6 8. 0-0 Be7 9. f4 Qc7 10. Qf3 0-0 11. Kh1 e5 12. Nxc6 bxc6 13. fxe5 dxe5 14. Bc4 Bg4 15. Qg3 Bh5 16. Bg5 Ne8 17. Bxe7 Qxe7 18. Rf5 Bg6 19. Rxe5 Qb4 20. Bb3 Kh8 21. a3 Qb7 22. Rc5 Nf6 23. e5 Nd7 24. Rc4 Rfe8 25. e6 fxe6 26. Qd6 Rac8 27. Rb4 Nb6 28. Na4 Qd7 29. Qxd7 Nxd7 30. Rb7 Nb8 31. h3 Rcd8 32. Re1 e5 33. Nc5 e4 34. Re3 Bf5 35. g4 Re5 36. gxf5 Rxc5 37. f6 gxf6 38. Rxe4 Rg5 39. Rbe7 Rd1+ 40. Kh2 Nd7 41. Re8+ Kg7 42. Rg8+ Kh6 43. Rh4+ Rh5 44. Rxh5+ Kxh5 45. Bf7+ Kh6 46. Rd8 1-0

[Event "Brno Trade op-A"]
[Site "Brno"]
[Date "2005.08.31"]
[Round "4"]
[White "Sladek, Vladislav"]
[Black "Zeleny, Tomas"]
[Result "0-1"]
[WhiteElo "2002"]
[BlackElo "2267"]
[PlyCount "102"]
[EventDate "2005.08.28"]
[EventType "swiss"]
[EventRounds "9"]
[EventCountry "CZE"]
[SourceTitle "CBM 108 Extra"]
[Source "ChessBase"]
[SourceDate "2005.11.04"]
[SourceVersion "1"]
[SourceVersionDate "2005.11.04"]
[SourceQuality "1"]

1. d4 Nf6 2. c4 g6 3. Nc3 Bg7 4. e4 d6 5. f3 0-0 6. Be3 Nc6 7. Qd2 Re8 8. h4 e5 9. d5 Nd4 10. Nge2 c5 11. dxc6 bxc6 12. Nxd4 exd4 13. Bxd4 d5 14. cxd5 cxd5 15. Bb5 Bd7 16. Bxd7 Qxd7 17. e5 Nh5 18. 0-0-0 Bxe5 19. Bxe5 Rxe5 20. f4 Ree8 21. Qxd5 Qg4 22. Qg5 Qc8 23. f5 Re5 24. Rhf1 Rb8 25. Rf3 f6 26. Qd2 Rxf5 27. Rxf5 Qxf5 28. Qd5+ Qxd5 29. Nxd5 f5 30. Ne7+ Kf7 31. Rd7 Nf6 32. Rxa7 Ke6 33. Rc7 Kd6 34. Rc8 Rb4 35. Ng8 Nh5 36. Rd8+ Ke6 37. a3 Rxh4 38. b4 Nf4 39. b5 Nd5 40. Rb8 Kd6 41. b6 Kc6 42. b7 Nb6 43. Ne7+ Kc7 44. Rh8 Kxb7 45. g3 Rc4+ 46. Kd2 Rc7 47. Rxh7 Nd5 48. Nxd5 Rxh7 49. Ke3 Rd7 50. Nf6 Rd6 51. Nh7 Ra6 0-1